Ḥusn wa-ʻishq. (Record no. 46373)

MARC details
000 -LEADER
fixed length control field 00616cam a22002051 4500
001 - CONTROL NUMBER
control field ne 63002246
003 - CONTROL NUMBER IDENTIFIER
control field DLC
005 - DATE AND TIME OF LATEST TRANSACTION
control field 20260227111751.0
008 - FIXED-LENGTH DATA ELEMENTS--GENERAL INFORMATION
fixed length control field 820201s1963 ua ac 000 0 ararc
010 ## - LIBRARY OF CONGRESS CONTROL NUMBER
LC control number ne 63002246
035 ## - SYSTEM CONTROL NUMBER
System control number (OCoLC)8118025
040 ## - CATALOGING SOURCE
Original cataloging agency Princeton Univ. Libr.
Transcribing agency TU
Modifying agency TU
-- DLC
042 ## - AUTHENTICATION CODE
Authentication code premarc
050 00 - LIBRARY OF CONGRESS CALL NUMBER
Classification number PJ7846.I79
Item number A17 1963
100 1# - MAIN ENTRY--PERSONAL NAME
Personal name Miṣrī, Ḥusayn Mujīb.
245 10 - TITLE STATEMENT
Title Ḥusn wa-ʻishq.
Statement of responsibility, etc. [taʼlīf] Ḥusayn Mujīb al-Miṣrī.
260 ## - PUBLICATION, DISTRIBUTION, ETC.
Place of publication, distribution, etc. [al-Qāhirah]
Name of publisher, distributor, etc. Maktabat al-Nahḍah al-Miṣrīyah
Date of publication, distribution, etc. [1963]
300 ## - PHYSICAL DESCRIPTION
Extent 11, 304 p.
Other physical details illus., port.
Dimensions 20 cm.
500 ## - GENERAL NOTE
General note Poems.

No items available.

Powered by Koha